Songs from the First Line(s) - Ed Sheeran - Statistics

General Stats
  • This quiz has been taken 79 times
  • The average score is 17 of 30
Answer Stats
Hint Answer % Correct
I found a love for me / Darling, just dive right in and follow my lead / Well, I found a girl, beautiful and sweet / Oh, I never knew you were the someone waiting for me Perfect
96%
Loving can hurt / Loving can hurt sometimes / But it's the only thing that I know / When it gets hard / You know it can get hard sometimes Photograph
89%
When your legs don't work like they used to before / And I can't sweep you off of your feet / Will your mouth still remember the taste of my love? Thinking Out Loud
89%
When I was six years old I broke my leg / When I was six years old I broke my leg / And tasted the sweet perfume of the mountain grass I rolled down Castle on the Hill
83%
I'm gonna pick up the pieces and build a Lego house / If things go wrong we can knock it down / My three words have two meanings but there's one thing on my mind Lego House
83%
The club isn't the best place to find a lover / So the bar is where I go (mmmm) / Me and my friends at the table doing shots / Drinking fast and then we talk slow (mmmm) Shape of You
83%
Azizam / Meet me on the floor tonight / Show me how to move like the water / In between the dancing lights / Be mine, be mine Azizam
81%
She played the fiddle in an Irish band / But she fell in love with an English man / Kissed her on the neck and then I took her by the hand / Said, "Baby, I just want to dance" Galway Girl
81%
I took the supermarket flowers from the windowsill / I threw the day-old tea from the cup / Packed up the photo album Matthew had made Supermarket Flowers
77%
White lips, pale face / Breathing in snowflakes / Burnt lungs, sour taste / Light's gone, day's end / Struggling to pay rent / Long nights, strange men The A Team
77%
Walking down 29th and park / I saw you in another's arms / Only a month we've been apart / You look happier / Saw you walk inside a bar / He said something to make you laugh Happier
64%
I'm at a party I don't wanna be at / And I don't ever wear a suit and tie, yeah / Wonderin' if I could sneak out the back / Nobody's even lookin' me in my eyes I Don't Care
64%
Ah lahmlahlah / I met this girl late last year / She said, "Don't you worry if I disappear." / I told her I'm not really looking for another mistake Don't
53%
Give me love like her / 'Cause lately I've been waking up alone / Paint splattered teardrops on my shirt / Told you I'd let them go / And that I'll fight my corner Give Me Love
53%
Oh, misty eye of the mountain below / Keep careful watch of my brothers' souls / And should the sky be filled with fire and smoke / Keep watching over Durin's sons I See Fire
53%
I wish that Heaven had visiting hours / So I could just show up and bring the news / That she's getting older and I wish that you'd met her Visiting Hours
51%
Every time you come around, you know I can't say no / Every time the sun goes down, I let you take control / I can feel the paradise before my world implodes Bad Habits
49%
Maybe I came on too strong / Maybe I waited too long / Maybe I played my cards wrong / Oh just a little bit wrong / Baby I apologise for it / I could fall or I could fly Dive
43%
I took an arrow to the heart / I never kissed a mouth that tastes like yours / Strawberries and then something more / Ooh yeah, I want it all Shivers
43%
She got the mm brown eyes, caramel thighs, long hair, no wedding ring, hey / I saw you lookin' from across the way and now I really wanna know your name South of the Border
43%
I wanna be drunk when I wake up / On the right side of the wrong bed / And never an excuse I made up / Tell you the truth I hate / What didn't kill me, / It never made me stronger at all Drunk
40%
You're just a small bump unborn / In four months you're brought to life / You might be left with my hair / But you'll have your mother's eyes Small Bump
40%
Jet-plane, headed up to the sky / Spread wings in the clouds, getting high / We ain't hit a rave in a while / So take me back to London Take Me Back to London
40%
I know it's a bad idea / But how can I help myself? / Been inside for most this year / And I thought a few drinks, they might help / It's been a while, my dear Eyes Closed
34%
I've been spinning now for time / Couple women by my side / I got sinning on my mind / Sipping on red wine / I've been sitting here for ages / Ripping out the pages Bloodstream
32%
It's late in the evening / Glass on the side / I've been sat with you / For most of the night / Ignoring everybody here / We wish they would disappear Sing
32%
Tell me that you turned down the man / Who asks for your hand / 'Cause you're waiting for me / And I know, you're gonna be away a while One
30%
How was I to know? / It's a crazy thing / I showed you my hand / And you still let me win / And who was I to say / That this was meant to be? / The road that was broken The Joker and the Queen
28%
It's just another night / And I'm staring at the moon / I saw a shooting star / And thought of you / I sang a lullaby / By the waterside and knew / If you were here All of the Stars
26%
Now I'm in town, break it down, thinking of making a new sound / Playing a different show every night in front of a new crowd You Need Me, I Don't Need You
26%
No matching quizzes found
Score Distribution
Percent of People with Each Score
Percentile by Number Answered
Your Score History
You have not taken this quiz